Представление документа в формате RUSMARC

ПолеНазваниеЗначение
  Тип записи a
  Библиографический уровень a
001 Контрольный номер RU/CBS_Ul/BASE/443093026
005 Дата корректировки 20260420150150.1
100 Данные общей обработки __
a Данные общей обработки 20140115d2014 ||| 0rusy0189 ca
101 Язык документа 0_
a Язык текста rus
102 Страна публикации __
a Страна публикации RU
105 Кодированные данные (монография) __
a Кодированные данные (монография) y###||||000|y
200 Заглавие и сведения об ответственности 1_
a Заглавие Баба-яга и Волк не против
e Сведения, относящиеся к заглавию [как защитить детей от вредной информации]
f Первые сведения об ответственности А. Дуэль
300 Общие примечания __
a Общие примечания Ограничения по возрасту 16 +
461 Уровень набора _0
1 2000
a Российская газета
463 Уровень физической единицы _0
1 001RU/CBS_Ul/BASE/443090354
1 2000
a №284 (17 декабря)
v С. 14
1 210
d 2013
610 Ключевые слова 0_
a Ключевые слова защита детей
686 Индексы других классификаций __
a Классификационный индекс 67
2 Код системы ББК
700 Автор _1
a Фамилия Дуэль
b Имя (инициалы) А.
801 Источник записи _0
a Страна RU
b Организация МБУК ЦБС г. Ульяновска
c Дата составления 20140115
g Правила каталогизации RCR
801 Источник записи _1
a Страна RU
b Организация МБУК ЦБС г. Ульяновска
c Дата составления 20140115
g Правила каталогизации RCR
901 Тип документа __
t Тип документа f
w Контрольный № источника RU/CBS_Ul/BASE/443090354
910 Корректоры записи __
a Корректор записи Ильина
938 Служебная информация __
a Имя БД period